LEADER 01731nas--2200481---450- 001 990006118410203316 005 20161125130140.0 035 $a000611841 035 $aUSA01000611841 035 $a(ALEPH)000611841USA01 035 $a000611841 100 $a20160129d--------km-y0itay50------ba 101 $aita 102 $aIT 105 $aa---||||001yy 200 1 $aAreA Vasta$egiornale di pianificazione e organizzazione del territorio$fProvincia di Salerno 207 $aA.1, n.1/2 (2000)- 210 $aNapoli$aEdizioni Graffiti$c2000- 215 $avolumi$cill.$d22x24 cm$e1 fasc. (21 p.) 300 $aTit. del fasc.: Schede: Berlino oltre Postdamer Platz, marzo 2003, n. 1$aTit. del fasc.: Schede: Rapporto sessanta: la pianificazione urbanistica comunale in Campania, 1942-2002, n.4 300 $aSuppl. alla rivista AreA Vasta 326 $aSemestrale 606 0 $aArchitettura$xPeriodici$2BNCF 676 $a720.5 712 1$aProvincia di Salerno 801 0$aIT$bsalbc$gISBD 912 $a990006118410203316 958 $aTEC$bFondo Cardone$c2000-2006; 958 $aTEC$bFondo$c2000-2007; 959 $aSE 979 $aPAOLA$b90$c20160129$lUSA01$h1145 979 $aPAOLA$b90$c20160201$lUSA01$h1718 979 $aPAOLA$b90$c20160201$lUSA01$h1728 979 $aPAOLA$b90$c20160201$lUSA01$h1731 979 $aPAOLA$b90$c20160201$lUSA01$h1732 979 $aANGELA$b90$c20160506$lUSA01$h1611 979 $aANGELA$b90$c20160506$lUSA01$h1613 979 $aANGELA$b90$c20160506$lUSA01$h1614 979 $aANGELA$b90$c20160509$lUSA01$h1645 979 $aANGELA$b90$c20160712$lUSA01$h1338 979 $aANGELA$b90$c20161125$lUSA01$h1301 996 $aAreA Vasta$91384527 997 $aUNISA LEADER 04370nam 2200589 a 450 001 9910789915603321 005 20230801222412.0 010 $a0-309-22258-3 010 $a1-280-12343-5 010 $a9786613527295 010 $a0-309-22256-7 035 $a(CKB)2670000000176346 035 $a(EBL)3378957 035 $a(SSID)ssj0000656544 035 $a(PQKBManifestationID)11435584 035 $a(PQKBTitleCode)TC0000656544 035 $a(PQKBWorkID)10634658 035 $a(PQKB)10365012 035 $a(MiAaPQ)EBC3378957 035 $a(Au-PeEL)EBL3378957 035 $a(CaPaEBR)ebr10554803 035 $a(CaONFJC)MIL352729 035 $a(OCoLC)923287518 035 $a(EXLCZ)992670000000176346 100 $a20120504d2012 uy 0 101 0 $aeng 135 $aurcn||||||||| 181 $ctxt 182 $cc 183 $acr 200 10$aImproving metrics for the Department of Defense Cooperative Threat Reduction Program$b[electronic resource] /$fCommittee on Improving Metrics for the Department of Cooperative Threat Reduction Program, National Academy of Sciences of the National Academies 210 $aWashington, D.C. $cNational Academies Press$d2012 215 $a1 online resource (119 p.) 300 $aDescription based upon print version of record. 311 $a0-309-22255-9 320 $aIncludes bibliographical references. 327 $aSynopsis -- Summary -- Introduction -- Committee Assessment of the Department of Defense Cooperative Threat Reduction Metrics Report -- Improvements to CTR Metrics References -- Glossary and List of Acronyms -- Appendix A: Congressional Mandate -- Appendix B: Department of Defense Cooperative Threat Reduction Metrics Report -- Appendix C: National Research Council Reports Directly Relevant to Cooperative Threat Reduction -- Appendix D: Biographical Sketches of Committee Members -- Appendix E: List of Information-Gathering Sessions. 330 $a"The Cooperative Threat Reduction (CTR) Program was created in 1991 as a set of support activities assisting the Former Soviet Union states in securing and eliminating strategic nuclear weapons and the materials used to create them. The Program evolved as needs and opportunities changed: Efforts to address biological and chemical threats were added, as was a program aimed at preventing cross-border smuggling of weapons of mass destruction. CTR has traveled through uncharted territory since its inception, and both the United States and its partners have taken bold steps resulting in progress unimagined in initial years. Over the years, much of the debate about CTR on Capitol Hill has concerned the effective use of funds, when the partners would take full responsibility for the efforts, and how progress, impact, and effectiveness should be measured. Directed by Congress, the Secretary of Defense completed a report describing DoD's metrics for the CTR Program (here called the DoD Metrics Report) in September 2010 and, as required in the same law, contracted with the National Academy of Sciences to review the metrics DoD developed and identify possible additional or alternative metrics, if necessary. Improving Metrics for the DoD Cooperative Threat Reduction Program provides that review and advice. Improving Metrics for the DoD Cooperative Threat Reduction Program identifies shortcomings in the DoD Metrics Report and provides recommendations to enhance DoD's development and use of metrics for the CTR Program. The committee wrote this report with two main audiences in mind: Those who are mostly concerned with the overall assessment and advice, and those readers directly involved in the CTR Program, who need the details of the DoD report assessment and of how to implement the approach that the committee recommends."--Publisher's description. 606 $aBiological arms control$xStandards 606 $aBioterrorism$xPrevention 606 $aBiological warfare$xStandards 615 0$aBiological arms control$xStandards. 615 0$aBioterrorism$xPrevention. 615 0$aBiological warfare$xStandards. 676 $a327.1745 801 0$bMiAaPQ 801 1$bMiAaPQ 801 2$bMiAaPQ 906 $aBOOK 912 $a9910789915603321 996 $aImproving metrics for the Department of Defense Cooperative Threat Reduction Program$93797465 997 $aUNINA LEADER 02102nas 2200421 n 450 001 990008893210403321 005 20240229084535.0 011 $a0210-2498 035 $a000889321 035 $aFED01000889321 035 $a(Aleph)000889321FED01 035 $a000889321 091 $2CNR$aP 00204610 100 $a20090724b19741979km-y0itaa50------ba 101 0 $aspa 102 $aES 110 $aauu-------- 200 1 $aAnales del Instituto Nacional de Investigaciones Agrarias. Serie higiene y sanidad animal 207 1$a1974-1979 210 $aMadrid$cI.N.I.A. Ministerio de Agricultura 326 $aAnnuale 441 0$1001000889319$12001$aAnales del Instituto Nacional de Investigaciones Agrarias. Serie ganadera 517 0 $aAnales del I.N.I.A. Serie higiene y sanidad animal 517 0 $aAnales - Instituto Nacional de Investigaciones Agrarias. Serie higiene y sanidad animal 530 0 $aAnales del Instituto Nacional de Investigaciones Agrarias. Serie higiene y sanidad animal 531 $aAN. INST. NAC. INVEST. AGRAR., SER. HIG. SANID. AN 675 $a614.9 712 02$aInstituto Nacional de Investigaciones Agrarias$c 801 0$aIT$bACNP$c20090723 859 4 $uhttp://acnp.cib.unibo.it/cgi-ser/start/it/cnr/dc-p1.tcl?catno=2106834&person=false&language=ITALIANO&libr=&libr_th=unina1$zBiblioteche che possiedono il periodico 901 $aSE 912 $a990008893210403321 958 $aBiblioteca Centralizzata. Facoltà di Agraria dell'Università Federico II di Napoli$b1974-1979.$fFAGBC 959 $aFAGBC 996 $aAnales del Instituto Nacional de Investigaciones Agrarias. Serie higiene y sanidad animal$9801620 997 $aUNINA AP1 8 $6866-01$aNA087 Biblioteca Centralizzata. Facoltà di Agraria dell'Università Federico II di Napoli$ev. Università, 100 Palazzo Reale, 80055 Portici (NA)$m081-2539322$m081-7760229$nit AP2 40$aacnp.cib.unibo.it$nACNP Italian Union Catalogue of Serials$uhttp://acnp.cib.unibo.it/cgi-ser/start/it/cnr/df-p.tcl?catno=2106834&language=ITALIANO&libr=&person=&B=1&libr_th=unina&proposto=NO